10 państw z największą i najmniejszą gęstością populacji. - Statystyki

Ogólne statystyki
  • Ten quiz został rozwiązany 21 razy
  • Średni wynik to 9 z 20
Statystyki odpowiedzi
Osób na km2 Państwo % Poprawnych
16.818 Monako
94%
1,75 Mongolia
94%
1.099 Bangladesz
81%
1.873 Watykan
81%
3,41 Kanada
75%
2,8 Australia
69%
6.652 Singapur
56%
1.277 Malta
50%
3,6 Libia
44%
2,5 Islandia
38%
1.189 Bahrajn
31%
3,2 Mauretania
31%
2 Namibia
31%
3 Botswana
25%
601 Mauritius
25%
654 Barbados
19%
621 Nauru
19%
3,6 Gujana
13%
1.321 Malediwy
13%
2,9 Surinam
13%
Nie znaleziono quizów pasujących do podanych kryteriów
Rozkład punktacji
Procent ludzi z każdym wynikiem
Percentyl według liczby udzielonych odpowiedzi
Twoja historia wyników
Nie rozwiązałeś tego quizu